Statistiche per Ricostruisci la Carriera del Calciatore - Ademola Lookman

Clicka qui per fare il quiz!

Statistiche generali

  • Questo quiz è stato fatto 2 volte
  • Il punteggio medio è 4 su 8

Statistiche sulle risposte

HintRisposta% Corretto
2022- Atalanta
100%
2015-2017 Charlton
100%
2017-2018 Everton
100%
2021-2022Leicester City
50%
2018-2019 Everton
0%
2020-2021Fulham
0%
2018RB Lipsia
0%
2019-2020 RB Lipsia
0%

Distribuzione punteggi

Percentile per numero di risposta

Percentuale di utenti per punteggio

I tuoi punteggi nel tempo

Non hai fatto questo quiz